[Event "Wch U18 Girls"]
[Site "Montesilvano"]
[Date "2023.11.22"]
[Round "9"]
[White "Tikvesli, Ceylin"]
[Black "Cornileau, Juliette"]
[Result "0-1"]
[WhiteElo "1736"]
[BlackElo "2089"]
[PlyCount "96"]
[EventDate "2023.11.13"]
[EventType "swiss"]
[EventRounds "11"]
[EventCountry "ITA"]
[SourceTitle "CB48_2023"]
[SourceDate "2023.11.29"]
[SourceVersion "1"]
[SourceVersionDate "2023.11.29"]
[SourceQuality "1"]

1. e4 c5 2. Nf3 d6 3. d4 cxd4 4. Nxd4 Nf6 5. Nc3 Nc6 6. Nb3 e6 7. Be3 a6 8. a4 d5 9. exd5 exd5 10. Be2 Bb4 11. 0-0 0-0 12. Na2 Bd6 13. Bf3 Ne5 14. Bf4 Qc7 15. Be2 Neg4 16. Bxd6 Qxd6 17. g3 Ne5 18. Nd4 Bh3 19. Re1 Ne4 20. f4 Nc6 21. c3 Rfe8 22. Nc1 Qg6 23. Bh5 Qf6 24. Nxc6 bxc6 25. Nd3 d4 26. Bf3 Nd6 27. Ne5 Rab8 28. Bxc6 Red8 29. cxd4 Nf5 30. d5 Qd6 31. Qc1 f6 32. Nf3 Rb3 33. Ra3 Rxa3 34. bxa3 Qb8 35. Qc5 Qb2 36. Qf2 Qxa3 37. Nd2 Ne7 38. Qe3 Qxe3+ 39. Rxe3 Nxc6 40. dxc6 Rxd2 41. Rc3 Rg2+ 42. Kh1 Rf2 43. Rc1 Rf1+ 44. Rxf1 Bxf1 45. g4 Be2 46. Kg2 Bxg4 47. Kf2 Kf7 48. Ke3 Ke7 0-1

[Event "TUR-chT 1st League"]
[Site "Konya"]
[Date "2019.07.28"]
[Round "9.4"]
[White "Akti, Ezgi"]
[Black "Tikvesli, Ceylin"]
[Result "0-1"]
[WhiteElo "1770"]
[BlackElo "1598"]
[PlyCount "140"]
[EventDate "2019.07.22"]
[EventType "team-swiss"]
[EventRounds "9"]
[EventCountry "TUR"]
[SourceTitle "CBM 191 Extra"]
[Source "ChessBase"]
[SourceDate "2019.09.30"]
[SourceVersion "1"]
[SourceVersionDate "2019.09.30"]
[SourceQuality "1"]
[WhiteTeam "Salihli Sardes"]
[BlackTeam "Manisa Turkuaz"]
[WhiteTeamCountry "TUR"]
[BlackTeamCountry "TUR"]

1. d4 d5 2. c4 e6 3. cxd5 exd5 4. Nc3 Nf6 5. Bg5 Nbd7 6. e3 c6 7. Bd3 Be7 8. Nf3 h6 9. Bh4 0-0 10. 0-0 Re8 11. Qc2 Ne4 12. Bxe7 Qxe7 13. Rab1 Ndf6 14. Ne5 Nxc3 15. bxc3 Nd7 16. Nxd7 Qxd7 17. c4 dxc4 18. Bxc4 Qe7 19. Rfe1 Be6 20. Bxe6 fxe6 21. h3 Red8 22. Qc4 Qf7 23. a4 Rd7 24. a5 a6 25. Rb3 Rd5 26. Qc3 Rad8 27. Reb1 R8d7 28. Qe1 Qe7 29. Qc3 Qf7 30. Qe1 Rb5 31. Rxb5 axb5 32. Qc3 Qf5 33. Ra1 Qd5 34. a6 bxa6 35. Rxa6 Rc7 36. Rb6 Kf7 37. Qa5 Qd7 38. Qb4 Qe7 39. Qc5 Qxc5 40. dxc5 Kf6 41. f4 Kf5 42. Rb8 Ke4 43. Rd8 Kxe3 44. Rd6 Kxf4 45. Rxe6 Kf5 46. Re3 Rd7 47. g4+ Kf6 48. Kf2 Rd5 49. Rc3 Ke5 50. Ke3 Rd4 51. Rc1 Rc4 52. Rf1 Re4+ 53. Kd3 Rf4 54. Re1+ Kf6 55. Re8 Rc4 56. Rf8+ Ke7 57. Rf5 g6 58. Rf3 Rxc5 59. Kd4 Rd5+ 60. Kc3 h5 61. gxh5 Rxh5 62. Kd4 c5+ 63. Kc3 Rf5 64. Rg3 Kf6 65. Kd3 g5 66. Kc3 Rf4 67. Re3 Kf5 68. Kb3 Rb4+ 69. Kc3 Kf4 70. Rd3 Rd4 0-1

[Event "TUR-chT 1st League"]
[Site "Konya"]
[Date "2019.07.27"]
[Round "8.4"]
[White "Ince, Safiye Oyku"]
[Black "Tikvesli, Ceylin"]
[Result "1-0"]
[WhiteElo "1899"]
[BlackElo "1598"]
[PlyCount "91"]
[EventDate "2019.07.22"]
[EventType "team-swiss"]
[EventRounds "9"]
[EventCountry "TUR"]
[SourceTitle "CBM 191 Extra"]
[Source "ChessBase"]
[SourceDate "2019.09.30"]
[SourceVersion "1"]
[SourceVersionDate "2019.09.30"]
[SourceQuality "1"]
[WhiteTeam "Ankara Dernegi"]
[BlackTeam "Manisa Turkuaz"]
[WhiteTeamCountry "TUR"]
[BlackTeamCountry "TUR"]

1. Nf3 d5 2. b3 Nf6 3. Bb2 c5 4. e3 Nc6 5. Bb5 Bg4 6. h3 Bxf3 7. Qxf3 e6 8. c4 Be7 9. Bxc6+ bxc6 10. 0-0 0-0 11. d3 Qd6 12. Nc3 e5 13. Ba3 Qe6 14. Rad1 Rfe8 15. Na4 Nd7 16. Qe2 Bd6 17. Qd2 a5 18. Rfe1 Qg6 19. cxd5 cxd5 20. Rc1 Rec8 21. Rc2 Rc7 22. Rec1 Rac8 23. Qxa5 Qxd3 24. Rd2 Qg6 25. Rxd5 Bf8 26. Rxd7 Rxd7 27. Nb6 Rdc7 28. Nxc8 Rxc8 29. Bxc5 Qd3 30. Qa3 Qd2 31. b4 e4 32. Rb1 Qc2 33. Qb3 Qxb3 34. Rxb3 Bxc5 35. bxc5 Kf8 36. Rc3 Ke7 37. c6 Kd6 38. c7 Rxc7 39. Rxc7 Kxc7 40. g4 Kb6 41. g5 Ka5 42. Kg2 Ka4 43. Kg3 Ka3 44. Kf4 Kxa2 45. Kxe4 Kb3 46. Kd5 1-0

[Event "TUR-chT 1st League"]
[Site "Konya"]
[Date "2019.07.25"]
[Round "5.2"]
[White "Akat, Elifnaz"]
[Black "Tikvesli, Ceylin"]
[Result "1-0"]
[WhiteElo "1509"]
[BlackElo "1598"]
[PlyCount "145"]
[EventDate "2019.07.22"]
[EventType "team-swiss"]
[EventRounds "9"]
[EventCountry "TUR"]
[SourceTitle "CBM 191 Extra"]
[Source "ChessBase"]
[SourceDate "2019.09.30"]
[SourceVersion "1"]
[SourceVersionDate "2019.09.30"]
[SourceQuality "1"]
[WhiteTeam "Burhaniye"]
[BlackTeam "Manisa Turkuaz"]
[WhiteTeamCountry "TUR"]
[BlackTeamCountry "TUR"]

1. e4 c5 2. Nc3 d6 3. d4 cxd4 4. Qxd4 Nc6 5. Qd2 Nf6 6. b3 g6 7. Bb2 Bg7 8. 0-0-0 0-0 9. f4 Qa5 10. Kb1 a6 11. Be2 Rb8 12. Bf3 Bd7 13. h3 b5 14. Qe1 b4 15. Nd5 Nxd5 16. Rxd5 Rb5 17. Bxg7 Kxg7 18. g4 Be6 19. Rd2 Qa3 20. Qc1 Qxc1+ 21. Kxc1 Rc8 22. Kb2 a5 23. Be2 Rc5 24. Nf3 f6 25. Rhd1 Bf7 26. Ba6 Rc7 27. Bf1 Ra7 28. Nd4 Nxd4 29. Rxd4 h5 30. Be2 hxg4 31. hxg4 Rac7 32. R1d2 Rc8 33. R4d3 g5 34. f5 Re5 35. Re3 d5 36. Bd3 Rc3 37. Rde2 dxe4 38. Rxe4 Rcc5 39. a3 bxa3+ 40. Kxa3 e6 41. Rxe5 fxe5 42. Rh2 exf5 43. gxf5 Rc3 44. Kb2 Rc6 45. Rg2 Kf6 46. Rh2 Kg7 47. Rg2 Kf6 48. Rh2 Rc5 49. Rh6+ Kg7 50. Ra6 g4 51. f6+ Kh6 52. Ra7 Bg6 53. f7 Bxf7 54. Rxf7 g3 55. Rf3 Kg5 56. Rxg3+ Kf4 57. Rh3 Rd5 58. Rh4+ Kg5 59. Re4 Kf6 60. Kc3 Rc5+ 61. Rc4 Rd5 62. Be4 Rd1 63. Ra4 Re1 64. Kd2 Rg1 65. Rxa5 Rg4 66. Ra6+ Ke7 67. Ra4 Kd6 68. Bd3 Rg2+ 69. Kc3 Rg8 70. Ra6+ Ke7 71. Re6+ Kd7 72. Rxe5 Rc8+ 73. Kd4 1-0

[Event "TUR-chT 1st League"]
[Site "Konya"]
[Date "2019.07.22"]
[Round "1.3"]
[White "Ciftci, Zeynep"]
[Black "Tikvesli, Ceylin"]
[Result "1/2-1/2"]
[WhiteElo "1317"]
[BlackElo "1598"]
[PlyCount "174"]
[EventDate "2019.07.22"]
[EventType "team-swiss"]
[EventRounds "9"]
[EventCountry "TUR"]
[SourceTitle "CBM 191 Extra"]
[Source "ChessBase"]
[SourceDate "2019.09.30"]
[SourceVersion "1"]
[SourceVersionDate "2019.09.30"]
[SourceQuality "1"]
[WhiteTeam "Karsiyaka Ihtisas"]
[BlackTeam "Manisa Turkuaz"]
[WhiteTeamCountry "TUR"]
[BlackTeamCountry "TUR"]

1. Nf3 d5 2. c4 Nf6 3. g3 c6 4. Qc2 e6 5. Bg2 Be7 6. 0-0 0-0 7. d4 b6 8. Nbd2 Bb7 9. e4 dxc4 10. Nxc4 Nbd7 11. Re1 c5 12. e5 Nd5 13. Bd2 Rc8 14. Qe4 cxd4 15. Qxd4 Ba6 16. Bf1 Bxc4 17. Bxc4 Bc5 18. Qg4 g6 19. Ng5 h5 20. Qh4 Be7 21. Bxd5 exd5 22. e6 fxe6 23. Rxe6 Nf6 24. Qd4 Bc5 25. Qd3 Kg7 26. Re2 Qd7 27. Ne6+ Kh7 28. Nxf8+ Rxf8 29. Be3 d4 30. Bg5 Qf5 31. Qxf5 gxf5 32. Rd1 Ne4 33. Bf4 Rd8 34. Kf1 d3 35. Red2 Nxd2+ 36. Rxd2 Bb4 37. Rd1 Rd5 38. a3 Bc5 39. b4 Be7 40. Ke1 Bf6 41. Kd2 Bb2 42. a4 Bd4 43. Be3 Be5 44. Bf4 Bxf4+ 45. gxf4 Rd4 46. Kc3 Rxf4 47. Rxd3 a5 48. bxa5 bxa5 49. Rd5 Rxa4 50. Rxf5 Kg6 51. Rd5 Rf4 52. Rd2 a4 53. Kd3 Rf3+ 54. Ke4 Rb3 55. f4 Rb4+ 56. Ke5 Rb5+ 57. Ke6 Rb6+ 58. Ke5 a3 59. f5+ Kf7 60. Rd7+ Ke8 61. Ra7 Rb5+ 62. Kf6 Rb6+ 63. Kg5 Rb2 64. h4 Rg2+ 65. Kxh5 a2 66. Kh6 Kf8 67. h5 Kg8 68. f6 Kf8 69. Kh7 Rf2 70. Kg6 Rg2+ 71. Kf5 Rf2+ 72. Kg5 Rg2+ 73. Kh6 Kg8 74. f7+ Kf8 75. Kh7 Rg7+ 76. Kh6 Rxf7 77. Rxa2 Kg8 78. Ra8+ Rf8 79. Ra6 Rd8 80. Kg6 Kh8 81. h6 Rg8+ 82. Kh5 Rg1 83. Ra8+ Rg8 84. Ra7 Rg1 85. h7 Rg7 86. Rxg7 Kxg7 87. Kg5 Kxh7 1/2-1/2

[Event "World School-ch U15 Girls"]
[Site "Antalya"]
[Date "2019.04.22"]
[Round "5"]
[White "Tikvesli, Ceylin"]
[Black "Margadgua, Erdenebayar"]
[Result "0-1"]
[WhiteElo "1659"]
[BlackElo "1585"]
[PlyCount "126"]
[EventDate "2019.04.18"]
[EventType "swiss"]
[EventRounds "9"]
[EventCountry "TUR"]
[SourceTitle "CBM 190 Extra"]
[Source "ChessBase"]
[SourceDate "2019.07.15"]
[SourceVersion "1"]
[SourceVersionDate "2019.07.15"]
[SourceQuality "1"]

1. e4 c5 2. Nf3 d6 3. d4 cxd4 4. Nxd4 Nf6 5. Nc3 a6 6. h3 e5 7. Nde2 Be7 8. g4 h6 9. Bg2 b5 10. Ng3 g6 11. Nd5 Nxd5 12. Qxd5 Ra7 13. Be3 Rd7 14. 0-0-0 Bb7 15. Qd2 Nc6 16. f4 Na5 17. b3 exf4 18. Bxf4 Bg5 19. Bxg5 Qxg5 20. Qxg5 hxg5 21. Rd2 Ke7 22. Ne2 Nc6 23. Nc3 Ne5 24. Nd5+ Bxd5 25. Rxd5 Rc8 26. Kb2 Rdc7 27. Rd2 Rc3 28. Bf1 Ke6 29. a4 bxa4 30. Bxa6 a3+ 31. Kxa3 R8c6 32. Kb2 Re3 33. Bb7 Nc4+ 34. Kc1 Nxd2 35. Bxc6 Nxe4 36. Bxe4 Rxe4 37. Kd2 Rf4 38. Ke3 d5 39. Rd1 Ke5 40. c3 f5 41. gxf5 gxf5 42. Rg1 Rh4 43. Rxg5 Rxh3+ 44. Kd2 Ke4 45. Rg2 f4 46. b4 Rd3+ 47. Kc2 d4 48. cxd4 Rxd4 49. Kc3 Ke3 50. b5 f3 51. Rg3 Rf4 52. Rg1 f2 53. Ra1 f1Q 54. Rxf1 Rxf1 55. Kc4 Ke4 56. Kc5 Ke5 57. Kc6 Ke6 58. Kb7 Kd7 59. b6 Rb1 60. Ka7 Kc6 61. b7 Rxb7+ 62. Ka8 Rb6 63. Ka7 Kc7 0-1

[Event "World School-ch U15 Girls"]
[Site "Antalya"]
[Date "2019.04.21"]
[Round "4"]
[White "Ince, Safiye Oyku"]
[Black "Tikvesli, Ceylin"]
[Result "1/2-1/2"]
[WhiteElo "1878"]
[BlackElo "1659"]
[PlyCount "96"]
[EventDate "2019.04.18"]
[EventType "swiss"]
[EventRounds "9"]
[EventCountry "TUR"]
[SourceTitle "CBM 190 Extra"]
[Source "ChessBase"]
[SourceDate "2019.07.15"]
[SourceVersion "1"]
[SourceVersionDate "2019.07.15"]
[SourceQuality "1"]

1. d4 d5 2. Nc3 Nf6 3. Bg5 Bf5 4. e3 e6 5. Bd3 Bxd3 6. Qxd3 Nbd7 7. e4 dxe4 8. Nxe4 Be7 9. Nxf6+ Bxf6 10. Bxf6 Qxf6 11. Nf3 0-0 12. 0-0 Rad8 13. Qb5 Nb6 14. c4 c6 15. Qb4 Rb8 16. a4 Nd7 17. Rad1 e5 18. dxe5 Nxe5 19. Nxe5 Qxe5 20. Rfe1 Qf5 21. Re7 Rfd8 22. Rde1 Qc8 23. Qa5 Rd7 24. Qxa7 Rxe7 25. Rxe7 Qd8 26. Re1 h6 27. b3 Qc7 28. g3 c5 29. Rd1 Rc8 30. a5 Qc6 31. Rd5 Kf8 32. Kf1 Ke7 33. f4 g6 34. Ke2 f6 35. Kd2 h5 36. Kc2 Ke6 37. Kb2 Ke7 38. Qb6 Qxb6 39. axb6 Ke6 40. b4 cxb4 41. Kb3 Rc6 42. Rb5 Rd6 43. Kc2 Kd7 44. Rxb4 Kc6 45. Kc3 Rd1 46. Rb2 Rc1+ 47. Kd3 Rd1+ 48. Kc3 Rc1+ 1/2-1/2

[Event "EU School-ch U11 Girls"]
[Site "Kallithea"]
[Date "2016.06.18"]
[Round "2"]
[White "Tikvesli, Ceylin"]
[Black "Bondareva, Daria"]
[Result "1/2-1/2"]
[WhiteElo "1408"]
[BlackElo "1733"]
[PlyCount "103"]
[EventDate "2016.06.17"]
[EventType "swiss"]
[EventRounds "9"]
[EventCountry "GRE"]
[SourceTitle "EXT 2017"]
[Source "ChessBase"]
[SourceDate "2016.10.25"]
[SourceVersion "1"]
[SourceVersionDate "2016.10.25"]
[SourceQuality "1"]

1. e4 e5 2. Nf3 Nc6 3. Bc4 Nf6 4. d3 Be7 5. c3 0-0 6. h3 d6 7. Bb3 h6 8. Nbd2 Be6 9. Nf1 d5 10. Qe2 d4 11. c4 Nh7 12. g4 Ng5 13. Nxg5 Bxg5 14. Ng3 Bxc1 15. Rxc1 Qg5 16. Qd2 Nb4 17. Ra1 Qxd2+ 18. Kxd2 a5 19. a3 Nc6 20. Nf5 g6 21. Nh4 Ne7 22. Rhg1 f6 23. Ke2 Kh7 24. f3 g5 25. Nf5 Ng6 26. Kd2 Rf7 27. Rh1 Rd7 28. Ba2 c5 29. a4 Rh8 30. Ng3 Nh4 31. Ke2 Bf7 32. Rag1 Kg7 33. Nf5+ Nxf5 34. exf5 h5 35. Kf2 hxg4 36. hxg4 Rdd8 37. b3 Rdg8 38. Kg2 Be8 39. Rxh8 Rxh8 40. Rh1 Rh4 41. Rg1 Bc6 42. Kg3 Kf7 43. Bb1 Ke7 44. Bc2 Kd6 45. Bd1 Be8 46. Kg2 Bd7 47. Rh1 Rxh1 48. Kxh1 Bc6 49. Kg1 b6 50. Kf2 Bb7 51. Ke1 Ke7 52. Kf2 1/2-1/2

[Event "TUR-ch (Women)"]
[Site "Cesme"]
[Date "2016.03.10"]
[Round "6"]
[White "Erece, Ece Alkim"]
[Black "Tikvesli, Ceylin"]
[Result "1-0"]
[WhiteElo "1752"]
[BlackElo "1343"]
[PlyCount "115"]
[EventDate "2016.03.07"]
[EventType "swiss"]
[EventRounds "9"]
[EventCountry "TUR"]
[SourceTitle "CBM 171 Extra"]
[Source "ChessBase"]
[SourceDate "2016.04.26"]
[SourceVersion "1"]
[SourceVersionDate "2016.04.26"]
[SourceQuality "1"]

1. g3 d5 2. Bg2 Nf6 3. d3 e6 4. a3 Bd6 5. Nf3 0-0 6. b4 b6 7. Bb2 c5 8. bxc5 bxc5 9. c4 Bb7 10. Nbd2 d4 11. Rb1 Qc7 12. 0-0 Nc6 13. e3 e5 14. e4 Ne7 15. Bc1 Bc6 16. Nh4 h6 17. Nb3 g5 18. Nf3 Kg7 19. Qd2 Rh8 20. h4 g4 21. Nh2 Ng6 22. h5 Nf8 23. Qe2 Bd7 24. f3 Nxh5 25. Qf2 Nh7 26. fxg4 N5f6 27. g5 hxg5 28. Bxg5 Be7 29. Bh4 Be6 30. g4 Rhf8 31. Qf3 Ne8 32. Bxe7 Qxe7 33. Qg3 f6 34. Nf3 Kg8 35. g5 fxg5 36. Qxe5 Rc8 37. Bh3 Ng7 38. Na5 Rc7 39. Bxe6+ Nxe6 40. Nd2 Nf6 41. Rb3 Ng4 42. Rxf8+ Kxf8 43. Qf5+ Nf6 44. e5 Ng7 45. Qxf6+ Qxf6 46. exf6 Ne6 47. Ne4 Kf7 48. Nd6+ Kg6 49. f7 Rd7 50. Nab7 g4 51. Rb5 a6 52. Rxc5 Kg7 53. Rc8 Rxb7 54. Nxb7 Kxf7 55. c5 Ke7 56. c6 Nf4 57. Rh8 Nxd3 58. c7 1-0